00788nam a2200241 a 450000100060000000300080000600500170001400800410003103500190007204000260009104100080011708200260012524501470015126000580029830000310035650400380038765000190042565000180044465000240046270000230048670000150050970000220052471442BD-RjUL20211209082119.0170503s1971 ii a|||| b||| 000 0 eng d a(BD-RjUL)71658 aBD-RjULbengcBD-RjUL aeng 223a581.954bPRO 197100aProceedings of symposium on phytogeography and vegetation mapping :bHeld at Pondicherry on 15-18 December 1968 /cedited by S. P. Chatterjee. aCalcutta :bNational Committee for Geography, c1971. av, 34 p. :bill. ;c24 cm  aIncludes Referential Bibliography aPhytogeography aPlantszIndia aVegetation dynamics aChatterjee, S. P.  aLegris, L. aGupta, S. P. Das.